[Event "HCL-A2582"]
[Site "www.playchess.de"]
[Date "2006.01.25"]
[Round "3"]
[White "micimaci"]
[Black "Themistocle"]
[WhiteElo "1900"]
[BlackElo "1600"]
[PlyCount "71"]
[Result "1-0"]

1.e4 {e2-e4}  e6 2.d4 {d2-d4}  d5 3.Nd2 {Nb1-d2}  
Nf6 4.e5 {e4-e5}  Nfd7 5.Bd3 {Bf1-d3}  c5 6.c3 
{c2-c3}  Nc6 7.Ne2 {Ng1-e2}  h5 8.O-O {o-o}  h4 
9.h3 {h2-h3}  g5 10.Nf3 {Nd2-f3}  g4 11.hxg4 
{h3xg4}  h3 12.g3 {g2-g3}  Bh6 13.g5 {g4-g5}  h2+ 
14.Kg2 {Kg1-g2}  Bg7 15.Rh1 {Rf1-h1}  b6 16.Rxh2 
{Rh1xh2}  Rxh2+ 17.Nxh2 {Nf3xh2}  Bb7 18.f4 
{f2-f4}  Qc7 19.Be3 {Bc1-e3}  O-O-O 20.Ng4 
{Nh2-g4}  Bxe5 21.fxe5 {f4xe5}  Ncxe5 22.Nxe5 
{Ng4xe5}  Nxe5 23.Bf4 {Be3-f4}  Ng4 24.Bxc7 
{Bf4xc7}  Ne3+ 25.Kf3 {Kg2-f3}  Nxd1 26.Bxd8 
{Bc7xd8}  Nxb2 27.g6 {g5-g6}  fxg6 28.Bxg6 
{Bd3xg6}  Kxd8 29.Kf4 {Kf3-f4}  Ke7 30.dxc5 
{d4xc5}  Nc4 31.cxb6 e5+ 32.Kg5 {Kf4-g5}  axb6 
33.Rh1 {Ra1-h1}  Kd6 34.Rh8 {Rh1-h8}  Kc5 35.Nc1 
{Ne2-c1}  Nd2 36.Nd3+ {Nc1-d3+} 
 1-0

[Event "HCL-A2555"]
[Site "www.playchess.de"]
[Date "2006.01.25"]
[Round "10"]
[White "Jule"]
[Black "Maillard"]
[WhiteElo "1432"]
[BlackElo "1522"]
[PlyCount "41"]
[Result "1-0"]

1.c4 c5 {Bonne partie! Und ein gutes neues Jahr!}  
2.Nc3 {Danke sehr. Ebenfalls ein gutes neues Jahr. 
Viel Spass bei dieser Partie}  Nf6 3.e4 Nc6 4.Nf3 
e5 5.Be2 h6 6.O-O a6 7.a3 Be7 8.d3 d6 9.h3 Bd7 
10.Bd2 Nd4 11.b4 Nxe2+ 12.Qxe2 g5 13.bxc5 dxc5 
14.Nxe5 Qc7 15.f4 Bd6 16.Nxd7 Kxd7 17.e5 Rae8 
18.Qf3 Rxe5 19.fxe5 Bxe5 20.Nd5 Bd4+ {merci pour 
la partie!}  21.Kh1 {appel tres} 
 1-0

[Event "HCL-T254"]
[Site "www.playchess.de"]
[Date "2006.01.25"]
[Round "3"]
[White "gambitfan"]
[Black "Ezechiel"]
[WhiteElo "1338"]
[BlackElo "1786"]
[PlyCount "42"]
[Result "0-1"]

1.d4 Nf6 2.c4 e6 3.Nc3 Bb4 4.Qc2 O-O 5.a3 Bxc3+ 
6.Qxc3 d5 7.Bg5 h6 8.Bxf6 Qxf6 9.Nf3 dxc4 10.Qxc4 
Nc6 11.e3 e5 12.Rd1 Bg4 13.Be2 exd4 14.Nxd4 Bxe2 
15.Kxe2 Nxd4+ {(offering draw) I don't see a 
chance for either one of us ...}  16.Rxd4 Rac8 
17.Rhd1 {my position looks better...}  c5 {I don't 
think it is sufficient for a win, but we will 
see.}  18.R4d2 b6 19.Qb5 Rfd8 20.R2d7 a5 21.Qxb6 
Qxb6 {???}  0-1

[Event "HCL-B3793"]
[Site "www.playchess.de"]
[Date "2006.01.25"]
[Round "16"]
[White "evets"]
[Black "mrchess"]
[WhiteElo "1445"]
[BlackElo "1431"]
[PlyCount "128"]
[Result "0-1"]

1.d4 d5 2.Nd2 e6 3.Ngf3 Nf6 4.e3 Nbd7 5.Bd3 Be7 
6.O-O O-O 7.Re1 c5 8.c3 c4 9.Bb1 Qc7 10.e4 Nb6 
11.e5 Nfd7 12.Nf1 f6 13.Qc2 f5 14.Ng5 Nb8 15.Qe2 
h6 16.Nh3 Bd7 17.Nf4 Qc8 18.Ng6 Rf7 19.Qh5 Qe8 
20.Re3 Bf8 21.Rg3 Kh7 22.Ne3 Nc8 23.Ng4 Ne7 
24.Bxh6 gxh6 25.Nf6+ Rxf6 26.exf6 Nxg6 27.Bc2 Nf4 
28.Qg4 Ng6 29.Qe2 Qf7 30.Rh3 Nf4 31.Qf3 Nxh3+ 
32.Qxh3 Qxf6 33.f4 Be8 34.Re1 Be7 35.g4 Qh4 
36.Qxh4 Bxh4 37.Rxe6 Bg6 38.gxf5 Bf7 39.Rd6 Be7 
40.f6+ Kg8 41.fxe7 Nc6 42.Rxh6 Nxe7 43.Rd6 Kf8 
44.Kf2 Ke8 45.Ba4+ Kf8 46.Rd7 Be8 47.Rxb7 Bxa4 
48.b3 cxb3 49.axb3 Bc6 50.Rc7 a5 51.Kg3 Rb8 52.Ra7 
Rxb3 53.Rxa5 Rxc3+ 54.Kg4 Rd3 55.h4 Rxd4 56.Kg5 
Rd1 57.f5 Rg1+ 58.Kf6 Rf1 59.Ra7 Nxf5 60.Rc7 Ke8 
61.Ke6 Kf8 62.h5 Ne7 63.h6 Rh1 64.Rxe7 
Rxh6+ 0-1

[Event "HCL-C3962"]
[Site "www.playchess.de"]
[Date "2006.01.25"]
[Round "10"]
[White "JerryReneau"]
[Black "Ruka"]
[WhiteElo "1117"]
[BlackElo "752"]
[PlyCount "97"]
[Result "1-0"]

1.d4 d5 2.e3 Nc6 3.c4 Be6 4.c5 Nf6 5.Nc3 Ne4 
6.Nxe4 dxe4 7.f3 f5 8.Nh3 g6 9.Nf4 Bd7 10.fxe4 
fxe4 11.b3 Nb4 12.Bd2 a5 13.Bc4 e6 14.Bc3 e5 
15.Nd5 Nd3+ 16.Bxd3 exd3 17.Qxd3 c6 18.Nb6 Qh4+ 
19.g3 Qh3 20.Nxa8 Qg2 21.Qf1 Bh3 22.Qxg2 Bxg2 
23.Rg1 Bh3 24.dxe5 Bxc5 25.Bd4 Bb4+ 26.Ke2 Bg4+ 
27.Kd3 Rf8 28.a3 Be7 29.Nb6 Rf2 30.h4 c5 31.Bc3 
Bf5+ 32.Kc4 Rc2 33.Nd5 Bd8 34.b4 cxb4 35.axb4 b6 
36.Kb3 Kf7 37.bxa5 bxa5 38.g4 Be4 39.Rgf1+ Ke6 
40.Nf4+ Kf7 41.Nd3+ Ke8 42.Kxc2 Bxh4 43.Rxa5 Be7 
44.Kd2 g5 45.Bb4 Bg2 46.Rc1 Be4 47.Bxe7 Kxe7 
48.Rc4 Bd5 49.Rxd5 1-0

[Event "HCL-M887"]
[Site "www.playchess.de"]
[Date "2006.01.25"]
[Round "1"]
[White "bobp"]
[Black "Tapiwa"]
[WhiteElo "1874"]
[BlackElo "1938"]
[PlyCount "78"]
[Result "1/2-1/2"]

1.d4 {Enjoy the game.}  Nf6 {Same to you.}  2.Nf3 
e6 3.Bg5 Nc6 4.e3 Be7 5.c3 h6 6.Bf4 O-O 7.Nbd2 Nh5 
8.Bd3 Nxf4 9.exf4 d5 10.O-O Bd7 11.Re1 a5 12.a4 
Bd6 13.g3 Re8 14.Qc2 b6 15.Bb5 Ne7 16.Bxd7 Qxd7 
17.Ne5 Bxe5 18.fxe5 c5 19.Nf3 Rac8 20.Qb3 Qc7 
21.Qb5 c4 22.Rab1 Rcb8 23.b3 Rec8 24.Rec1 cxb3 
25.Rxb3 Qd8 26.Rcb1 Rc6 27.Nd2 Rbc8 28.Qd3 Qc7 
29.Rc1 {(offering draw)}  Nf5 30.g4 Nh4 31.Qg3 Ng6 
32.f4 f6 33.Qe3 Rf8 34.Rf1 f5 35.g5 {(offering 
draw)}  Rc8 36.Rc1 hxg5 37.fxg5 Qe7 38.Qg3 Qf7 
39.Rf1 Nf8 {(offering draw)}  1/2-1/2

[Event "HCL-E1539"]
[Site "www.playchess.de"]
[Date "2006.01.25"]
[Round "15"]
[White "Matu"]
[Black "mrchess"]
[WhiteElo "1506"]
[BlackElo "1437"]
[PlyCount "68"]
[Result "0-1"]

1.Nf3 d6 2.b3 e5 3.Bb2 Be7 4.g3 Nf6 5.Bg2 O-O 
6.O-O c6 7.e3 Bg4 8.h3 Bd7 9.d4 e4 10.Nfd2 d5 
11.c4 Be6 12.Nc3 Qd7 13.Kh2 Na6 14.a3 Nc7 15.Rc1 
Rac8 16.cxd5 cxd5 17.b4 a6 18.Na4 Qd6 19.Nc5 b6 
20.Nxe6 Nxe6 21.Qb3 b5 22.Rc2 Rxc2 23.Qxc2 Qb8 
24.Rc1 Nd7 25.Qc6 Nb6 26.Qc2 Rc8 27.Qd1 Nc4 
28.Nxc4 bxc4 29.Bc3 Qb5 30.Rb1 Rb8 31.Qc2 Nc7 
32.Bf1 Qc6 33.Be2 Nb5 34.Bd1 Nxa3 0-1

[Event "HCL-T242"]
[Site "www.playchess.de"]
[Date "2006.01.25"]
[Round "10"]
[White "Marius_sah"]
[Black "taroak"]
[WhiteElo "1406"]
[BlackElo "1455"]
[PlyCount "56"]
[Result "0-1"]

1.b4 e5 2.Bb2 d6 3.e4 f5 4.Nc3 Nf6 5.d3 Be7 6.Nf3 
O-O 7.Be2 Qe8 8.O-O Be6 9.Ng5 Bc8 10.exf5 Bxf5 
11.d4 e4 12.g4 Bg6 13.Ne6 Qd7 14.Nxf8 Bxf8 15.d5 
c6 16.g5 Nxd5 17.Nxd5 cxd5 18.Qxd5+ Kh8 19.f4 Nc6 
20.f5 Bf7 21.Qxe4 Re8 22.Qf3 Ne5 23.Bxe5 Rxe5 
24.g6 Bd5 25.Qh5 h6 26.Bd3 b5 27.a3 a5 28.Rae1 
Qa7+ 0-1

[Event "HCL-A2537"]
[Site "www.playchess.de"]
[Date "2006.01.25"]
[Round "17"]
[White "kikkone"]
[Black "Marius_sah"]
[WhiteElo "1805"]
[BlackElo "1453"]
[PlyCount "59"]
[Result "1/2-1/2"]

1.e4 e5 {Hi. Good luck!}  2.Nf3 {Hi, to you 
too.
Thanks}  Nc6 3.d4 exd4 4.Nxd4 Bc5 5.Be3 Qf6 6.c3 
Nge7 7.Bc4 O-O 8.O-O Bb6 9.Bb3 d6 10.Kh1 Na5 
11.Nb5 Nxb3 12.axb3 Bxe3 13.fxe3 Qe5 14.Nxc7 Rb8 
15.Qd3 a6 16.b4 Bd7 17.Ra5 b5 18.Rxa6 Bc6 19.Nd2 
Rfc8 20.Ra7 Rb7 21.Rxb7 Bxb7 22.Nxb5 d5 23.exd5 
Nxd5 24.Rf3 Nxb4 25.cxb4 Bxf3 26.gxf3 Rc1+ 27.Kg2 
Qg5+ 28.Kh3 Qh5+ 29.Kg2 Qg5+ 30.Kh3 {(offering 
draw) Draw by repetition ?}  1/2-1/2

[Event "HCL-B3836"]
[Site "www.playchess.de"]
[Date "2006.01.25"]
[Round "10"]
[White "sundfar"]
[Black "IRONMAIDEN"]
[WhiteElo "1310"]
[BlackElo "1293"]
[PlyCount "47"]
[Result "1-0"]

1.e4 e5 2.Nf3 Nc6 3.Bb5 f6 4.O-O Qe7 5.c3 a6 6.Ba4 
b5 7.Bb3 Bb7 8.d3 O-O-O 9.Be3 Kb8 10.Nbd2 h6 11.d4 
exd4 12.cxd4 g5 13.h3 Bg7 14.d5 Ne5 15.Rc1 d6 
16.a4 Qd7 17.axb5 Qxb5 18.Nd4 Qd7 19.Ba4 Qe7 
20.Qb3 Ka8 21.Nc4 Rb8 22.Nxe5 fxe5 23.Nc6 Bxc6 
24.Bxc6+ 1-0

[Event "HCL-C4088"]
[Site "www.playchess.de"]
[Date "2006.01.25"]
[Round "6"]
[White "Huanchaco"]
[Black "Ulpe"]
[WhiteElo "1176"]
[BlackElo "1494"]
[PlyCount "50"]
[Result "0-1"]

1.e4 c5 2.c4 Nc6 3.Nf3 d6 4.d4 cxd4 5.Nxd4 Nf6 
6.Nc3 e6 7.Bg5 Be7 8.Nf3 O-O 9.a3 b6 10.b4 Bb7 
11.Bd3 Nd7 12.h4 Nde5 13.Be2 Nxf3+ 14.gxf3 Bxg5 
15.hxg5 Qxg5 16.Qd3 Rfd8 17.Nb5 Ne5 18.Qc3 a6 
19.Nd4 Rac8 20.Bd3 d5 21.c5 bxc5 22.bxc5 Rxc5 
23.Qb3 dxe4 24.Nxe6 Rc1+ 25.Ke2 
exf3+ 0-1

[Event "ACL-T157"]
[Site "www.playchess.de"]
[Date "2006.01.25"]
[Round "3"]
[White "Goofy"]
[Black "BDG_Girl"]
[WhiteElo "1943"]
[BlackElo "1753"]
[PlyCount "70"]
[Result "1/2-1/2"]

1.e4 c5 2.Nf3 d6 3.d4 cxd4 4.Qxd4 Nc6 {Hello again 
and good luck!}  5.Bb5 Bd7 6.Bxc6 Bxc6 7.Nc3 Nf6 
8.Bg5 Qb6 9.Qxb6 axb6 10.Nd2 h6 11.Be3 b5 12.f3 e5 
13.O-O d5 14.Nxd5 Bxd5 15.exd5 Nxd5 16.Bf2 Kd7 
17.Nb3 Kc6 18.Rfc1 Bd6 19.c3 Rhd8 20.Rcd1 Nf4 
21.a3 b6 22.Kf1 Bc7 23.g3 Ne6 24.Rac1 Nc5 25.Nd4+ 
exd4 26.cxd4 Rd5 27.Ke2 Bd6 28.Rd2 Ra4 29.Rc3 Rc4 
30.Rxc4 bxc4 31.dxc5 Bxc5 32.Bxc5 Kxc5 33.Rxd5+ 
Kxd5 34.Ke3 b5 35.h3 h5 {(offering draw)} 
 1/2-1/2

[Event "HCL-E1529"]
[Site "www.playchess.de"]
[Date "2006.01.26"]
[Round "7"]
[White "PieceSeeker3"]
[Black "reddog"]
[WhiteElo "1596"]
[BlackElo "1847"]
[PlyCount "36"]
[Result "0-1"]

1.d4 Nf6 2.c4 e6 3.Nc3 d5 4.cxd5 exd5 5.e3 c5 6.b3 
Nc6 7.Nf3 cxd4 8.exd4 Bb4 9.Bb2 Qa5 10.Qd3 Bf5 
11.Qe3+ Ne4 12.Rc1 Qxa2 13.Qe2 O-O 14.Ne5 Nxd4 
15.Ra1 Qxb3 16.Ra3 Nc2+ 17.Kd1 Nxc3+ 18.Bxc3 
Nxa3+ 0-1

[Event "HCL-B3720"]
[Site "www.playchess.de"]
[Date "2006.01.26"]
[Round "2"]
[White "ronaldinhio"]
[Black "torbalan"]
[WhiteElo "893"]
[BlackElo "1238"]
[PlyCount "56"]
[Result "0-1"]

1.e3 e5 2.Nf3 e4 3.Nd4 d5 4.f3 Nf6 5.fxe4 dxe4 
6.Bb5+ c6 7.Ba4 Bc5 8.b3 Bxd4 9.exd4 b5 10.d3 bxa4 
11.bxa4 O-O 12.dxe4 Nxe4 13.Ba3 Re8 14.O-O Be6 
15.c3 Nd7 16.Qe1 Bc4 17.Rf4 Nef6 18.Qg3 Nh5 19.Qg4 
Nxf4 20.Qxf4 Nf6 21.Nd2 Bd3 22.Rd1 Re6 23.c4 Qd7 
24.Nf3 Be2 25.d5 cxd5 26.Rd4 Bxc4 27.Ne5 Qe8 
28.Nxc4 Re1+ 0-1

[Event "HCL-B3734"]
[Site "www.playchess.de"]
[Date "2006.01.26"]
[Round "25"]
[White "epenz"]
[Black "dc"]
[WhiteElo "983"]
[BlackElo "919"]
[PlyCount "41"]
[Result "1-0"]

1.e4 {hi}  e5 {:-))}  2.Nf3 Nc6 3.Bc4 Bc5 4.d3 b6 
5.Nc3 Bb4 6.Bd2 d6 7.Ng5 Qf6 8.Nxf7 Bc5 9.Qe2 Nd4 
10.Qd1 Nxc2+ 11.Qxc2 Bxf2+ 12.Kd1 Bg4+ 13.Kc1 Nh6 
14.Nxh8 c6 15.Bxh6 Qxh6+ 16.Kb1 Qe3 17.a3 O-O-O 
18.Nf7 Rf8 19.Nxd6+ Kc7 20.Nf5 Qc5 
21.b4 1-0

[Event "HCL-E1532"]
[Site "www.playchess.de"]
[Date "2006.01.26"]
[Round "8"]
[White "GriG"]
[Black "PieceSeeker3"]
[WhiteElo "1960"]
[BlackElo "1585"]
[PlyCount "27"]
[Result "1-0"]

1.e4 e5 2.Nf3 Nc6 3.Nc3 a6 4.d4 exd4 5.Nxd4 d6 
6.Bc4 Nf6 7.Bf4 Nxd4 8.Qxd4 c5 9.Qd3 b5 10.Bd5 
Nxd5 11.Nxd5 Bb7 12.O-O-O Bxd5 13.Qxd5 Qf6 
14.Qc6+ 1-0

[Event "HCL-E1487"]
[Site "www.playchess.de"]
[Date "2006.01.26"]
[Round "32"]
[White "daddy_4_eyes"]
[Black "Vinci"]
[WhiteElo "1528"]
[BlackElo "1621"]
[PlyCount "122"]
[Result "0-1"]

1.e4 e6 {hi and nice game
}  2.d4 d5 3.Nc3 Bb4 4.e5 Ne7 5.a3 Ba5 6.Qg4 Ng6 
7.Bd3 c5 8.Bxg6 hxg6 9.Nf3 Nc6 10.Bg5 Qc7 11.dxc5 
d4 12.Nxd4 Qxe5+ 13.Be3 Rxh2 14.Rxh2 Qxh2 15.O-O-O 
Bxc3 16.bxc3 Bd7 17.Nb5 Rd8 18.Bf4 Qh5 19.Qxh5 
gxh5 20.Bc7 Ra8 21.Nd6+ Kf8 22.Nxb7 Be8 23.Nd6 Ne7 
24.Ba5 Bc6 25.f3 Nd5 26.c4 Nf4 27.g3 Ne2+ 28.Kd2 
Nxg3 29.Bc3 Bxf3 30.Rg1 h4 31.Be5 g5 32.Bxg3 hxg3 
33.Rxg3 g4 34.c6 Ke7 35.Nb5 f5 36.Nd4 Be4 37.Rb3 
Kd6 38.c7 Kxc7 39.Nxe6+ Kd6 40.Ng5 Ke5 41.Ke3 f4+ 
42.Kf2 Bxc2 43.Rb5+ Kf6 44.Nf3 gxf3 45.Kxf3 Rc8 
46.c5 Ke5 47.c6+ Kd6 48.Kxf4 Rxc6 49.Rb4 Kc5 
50.Rb2 Bd3 51.Ke3 Kc4 {in this special situation 
you have still real chances for a draw...}  52.Kd2 
{You just never know}  Rb6 53.Ra2 Kb3 54.Ra1 Kb2 
55.Rg1 Rb3 56.a4 Bc4 57.Rg7 Rd3+ 58.Ke1 a6 59.Rg4 
Kc3 60.Rg5 Re3+ 61.Kd1 Bb3+ {thanks for the game 
(mate in one). why did you exchange knight for two 
pawns? did you think that these two pawns were too 
strong?}  0-1

[Event "HCL-B3771"]
[Site "www.playchess.de"]
[Date "2006.01.26"]
[Round "2"]
[White "newplayer"]
[Black "unclcarle"]
[WhiteElo "1113"]
[BlackElo "1099"]
[PlyCount "79"]
[Result "1-0"]

1.e4 {hi}  e5 {Hello}  2.d4 {hi}  exd4 3.Qxd4 Nc6 
4.Qd1 Bc5 5.h3 Qh4 6.g3 Qxe4+ 7.Ne2 Qxh1 8.h4 Qe4 
9.Nbc3 Bb4 10.Bd2 Nf6 11.Nxe4 Ba5 12.Nxf6+ gxf6 
13.Bxa5 Nxa5 14.Nf4 d6 15.Nd5 Kd8 16.Qh5 Be6 
17.Nxf6 Nc6 18.Qg5 Ke7 19.Nxh7+ Kd7 20.Nf6+ Kc8 
21.Bb5 Nd4 22.Bd3 b6 23.Qg7 Kb7 24.Be4+ d5 25.Nxd5 
Bxd5 26.Bxd5+ c6 27.Qxf7+ Ka6 28.Bc4+ b5 29.Bd3 
Rhf8 30.Qd7 Rad8 31.Qh3 Rfe8+ 32.Kf1 Nf3 33.a4 
Nd2+ 34.Kg2 Nc4 35.axb5+ Kxb5 36.b3 Rd4 37.Ra4 a5 
38.Qf5+ Re5 39.Bxc4+ Kc5 40.Qxe5+ 1-0

[Event "HCL-E1544"]
[Site "www.playchess.de"]
[Date "2006.01.26"]
[Round "12"]
[White "mrchess"]
[Black "hal1958"]
[WhiteElo "1418"]
[BlackElo "1444"]
[PlyCount "35"]
[Result "1-0"]

1.d4 {prettige partij}  Nf6 2.c4 c5 3.d5 e6 4.dxe6 
fxe6 5.Nc3 Be7 6.Nf3 Nc6 7.Bg5 O-O 8.e3 b6 9.Bd3 
Bb7 10.O-O d5 11.cxd5 Nxd5 12.Bxe7 Ncxe7 13.Qc2 
Nf6 14.Ng5 h6 15.Nxe6 Qd6 16.Nxf8 Rxf8 17.Rad1 Qc6 
18.f3 1-0

[Event "HCL-B3745"]
[Site "www.playchess.de"]
[Date "2006.01.26"]
[Round "3"]
[White "Sarek7"]
[Black "farah"]
[WhiteElo "1138"]
[BlackElo "1501"]
[PlyCount "78"]
[Result "0-1"]

1.e4 c5 2.Nf3 d6 3.d4 cxd4 4.Nxd4 Nf6 5.Nc3 a6 
6.a4 Nc6 7.Nxc6 bxc6 8.Bc4 Bb7 9.O-O e6 10.Bg5 Be7 
11.f4 d5 12.exd5 cxd5 13.Ba2 Nd7 14.Bxe7 Qxe7 
15.Qd4 O-O 16.Rae1 Rae8 17.Bxd5 Bxd5 18.Nxd5 Qc5 
19.Qxc5 Nxc5 20.Nc7 Rec8 21.b4 Rxc7 22.bxc5 Rxc5 
23.Rf2 Rfc8 24.Ree2 Ra5 25.c3 Rxa4 26.Rec2 Rcc4 
27.Rfd2 g6 28.Kf2 Rcxf4+ 29.Ke1 a5 30.Ke2 Rfe4+ 
31.Kf3 Rec4 32.Rd8+ Kg7 33.Ra8 Ra3 34.Ke2 Rcxc3 
35.Rxc3 Rxc3 36.Rxa5 h5 37.Rg5 f6 38.Ra5 f5 39.Re5 
Kf6 0-1

[Event "HCL-C4012"]
[Site "www.playchess.de"]
[Date "2006.01.26"]
[Round "10"]
[White "CallDutte"]
[Black "reingp"]
[WhiteElo "1201"]
[BlackElo "1443"]
[PlyCount "41"]
[Result "1-0"]

1.e4 d5 {hi!}  2.exd5 {Oi tudo bom?}  Qxd5 {oi, vc 
fala potugues? vc é da russia mesmo?}  3.Nc3 {A 
única palavra que eu falo em russo é "russo"...}  
Qc6 {haha, mas de q cidade vc eh entao?}  4.Bb5 {J 
Fora}  Bf5 5.Bxc6+ Nxc6 6.d3 e5 7.Nd5 O-O-O 8.Ne3 
{Brazil one more time goes to be campeao of the 
world! 
 
 
}  g6 {falta btte tempo ainda.
pq vc escreveu em ingles? e oq vc esta fazendo 
jogando xadrez num sabado a tarde?}  9.Nxf5 {Eu 
estou com o meu filho numa Lan-house. Ele está 
jogando C. Stryke, e eu xadrêz.}  gxf5 {hehe. 
Quantos anos vc tem?}  10.Qh5 {42}  Nce7 {voltei}  
11.Be3 {Cê sumiu sô...}  b6 {eh, tava viajando, 
passando o natal com minha mae.
como foi o seu natal?}  12.Qxf7 {Passei na casa de 
uns amigos. Estava bom.}  f4 13.Qe6+ Rd7 14.Qxe5 
Ng6 15.Qe8+ Rd8 16.Qe6+ Rd7 {pare de ficar 
passeando com essa rainha aí;
feliz ano novo!}  17.Bd4 {Desculpe-me! É que eu 
precisava salvar o meu bispo. Feliz ano novo para 
vc. também! Jesus abençoe tu e toda a tua 
família.}  N8e7 {nao tem graça jogar com vc, vou 
perder essa partida maldita.}  18.Bxh8 Nxh8 19.Qe4 
c6 20.Qxf4 Nhg6 21.Qg4 1-0

[Event "HCL-M891"]
[Site "www.playchess.de"]
[Date "2006.01.26"]
[Round "3"]
[White "Andrey777"]
[Black "suffix"]
[WhiteElo "2052"]
[BlackElo "2162"]
[PlyCount "23"]
[Result "1/2-1/2"]

1.d4 {hi again, ryjyi brat}  d5 {volk tambovskyi 
tebe brat !}  2.c4 {sam kozel, udmurtskiy ugor', 
sdavaisia!}  dxc4 {LOL :)}  3.Nf3 {sam ty LOL :)}  
Nf6 {Ya LOL ? Da ya samyi LOL iz LOLov !}  4.e3 e6 
5.Bxc4 c5 6.O-O a6 7.dxc5 Bxc5 8.Qxd8+ Kxd8 9.a3 
Ke7 10.b4 Bd6 11.Bb2 b5 12.Be2 {(offering draw)} 
 1/2-1/2

[Event "HCL-B3836"]
[Site "www.playchess.de"]
[Date "2006.01.26"]
[Round "2"]
[White "willi_weizenkeim"]
[Black "PhilipKaveny"]
[WhiteElo "1034"]
[BlackElo "1353"]
[PlyCount "70"]
[Result "0-1"]

1.c4 {hi, hello, regards from germany.}  c5 {Hello 
from Germany}  2.Nc3 {where r u from in the  u.s. 
?}  d6 {North Central near the great lakes}  3.e3 
{a friend from tn had been there, sent me some 
sand from the great lakes}  Nf6 {I bet that was 
from the shore of lake Michigan}  4.Nf3 {yes, one 
sample had been from there :-)}  g6 5.d4 cxd4 
6.Nxd4 Bg7 7.Bd3 O-O 8.O-O Nc6 9.Nxc6 bxc6 10.f4 
d5 11.a4 d4 12.Ne4 dxe3 13.Bxe3 Bb7 14.b4 Nxe4 
15.Ra3 Nd6 16.c5 Nf5 17.Re1 Nxe3 18.Rxe3 Bd4 
19.Qe2 a5 20.Bc4 Bxe3+ 21.Qxe3 Qd1+ 22.Bf1 Ba6 
23.Qf2 axb4 24.Ra2 Qxf1+ 25.Qxf1 Bxf1 26.Kxf1 b3 
27.Rb2 Rxa4 28.Rxb3 Rc4 29.g3 Rxc5 30.h4 Rc2 
31.Rb7 Ra8 32.Rb1 Raa2 33.Rb8+ Kg7 34.Rb1 c5 
35.Ke1 Rch2 0-1

[Event "ACL-T171"]
[Site "www.playchess.de"]
[Date "2006.01.26"]
[Round "3"]
[White "ksterleu"]
[Black "Walter"]
[WhiteElo "1543"]
[BlackElo "1920"]
[PlyCount "44"]
[Result "0-1"]

1.e4 e5 2.Nf3 Nc6 3.Bb5 f5 4.Nc3 {hi!}  fxe4 
{Hi...Let the games begin...}  5.Nxe4 Nf6 6.Nxf6+ 
Qxf6 7.O-O Be7 8.d3 O-O 9.Bc4+ Kh8 10.Ng5 Qg6 
11.f4 exf4 12.Rxf4 Rxf4 13.Bxf4 Bxg5 14.Bxc7 d6 
15.Qf3 Be6 16.Rf1 Be7 17.Bxe6 Qxe6 18.d4 Qd7 19.d5 
Ne5 20.Qc3 Rc8 21.Qa5 Qxc7 22.Qxc7 
Rxc7 0-1

[Event "HCL-M835"]
[Site "www.playchess.de"]
[Date "2006.01.26"]
[Round "1"]
[White "DANTONIFAYARD"]
[Black "jonaslo"]
[WhiteElo "1718"]
[BlackElo "1764"]
[PlyCount "81"]
[Result "1-0"]

1.d4 Nf6 {hi again}  2.c4 {HI...GOOD WORK!!!}  g6 
3.Nc3 d5 4.Nf3 Bg7 5.c5 O-O 6.Bg5 Nc6 7.e3 Bg4 
8.Be2 b6 9.a3 Re8 10.b4 e5 11.O-O Qd7 12.b5 Bxf3 
13.Bxf3 Na5 14.Bxf6 Bxf6 15.Nxd5 Bg5 16.dxe5 Rad8 
17.c6 Qf5 18.Qa4 Qxe5 19.Rad1 Re6 20.h4 Bf6 21.h5 
Red6 22.Nf4 g5 23.Rxd6 Rxd6 24.Ne2 Bg7 25.Nd4 f5 
26.Qc2 g4 27.Be2 Rd5 28.Bd3 Rc5 29.Qb1 f4 30.Bxh7+ 
Kh8 31.Re1 g3 32.fxg3 fxg3 33.Nf3 Qxh5 34.Bg6 Qh6 
35.Bf7 Nc4 36.Bxc4 Rxc4 37.Qd3 Rc3 38.Qd8+ Kh7 
39.Qxc7 Rxe3 40.Qxg3 Be5 41.Ng5+ 1-0

[Event "HCL-C4112"]
[Site "www.playchess.de"]
[Date "2006.01.26"]
[Round "10"]
[White "Skipper_Robert"]
[Black "donsimon"]
[WhiteElo "1001"]
[BlackElo "1030"]
[PlyCount "80"]
[Result "0-1"]

1.e4 e5 2.Nf3 Nc6 3.Bb5 d6 4.Nc3 Bd7 5.d3 a6 
6.Bxc6 Bxc6 7.O-O Be7 8.Be3 Nf6 9.h3 d5 10.d4 dxe4 
11.dxe5 exf3 12.exf6 Bxf6 13.gxf3 Bd7 14.Qe1 Bxh3 
15.Bc5+ Be6 16.Rd1 Qc8 17.f4 b6 18.Be3 O-O 19.Qe2 
Bg4 20.f3 Bf5 21.Rf2 Bh3 22.Rh2 Re8 23.Nd5 Bxb2 
24.Kf2 Qb7 25.c4 Bf6 26.Rxh3 Rad8 27.Nxf6+ gxf6 
28.Rg1+ Kf8 29.Rxh7 Ke7 30.Bxb6+ Kd7 31.Rxf7+ Kc8 
32.Rxc7+ Qxc7 33.Bxc7 Rxe2+ 34.Kxe2 Kxc7 35.f5 
Re8+ 36.Kf2 Re5 37.Rg5 fxg5 38.f4 Rxf5 39.Kf3 
Rxf4+ 40.Ke3 Rxc4 0-1

[Event "HCL-A2563"]
[Site "www.playchess.de"]
[Date "2006.01.26"]
[Round "4"]
[White "farov"]
[Black "errantknight"]
[WhiteElo "1700"]
[BlackElo "1218"]
[PlyCount "55"]
[Result "1-0"]

1.e4 e5 2.Nf3 d6 3.Bc4 h6 4.O-O Qe7 5.d4 Be6 6.d5 
Bxd5 7.Bxd5 c6 8.Bb3 Nf6 9.Nc3 Na6 10.Be3 Ng4 
11.Bd2 Nf6 12.h3 Nc5 13.Re1 Qd7 14.Be3 Ncxe4 
15.Nxe4 Nxe4 16.Bxa7 Rxa7 17.Rxe4 Be7 18.Qd2 Bf6 
19.Rd1 b5 20.Qe3 O-O 21.Rg4 Re8 22.Qxh6 Qf5 
23.Rxd6 Qh7 24.Qxf6 Rf8 25.Rd8 g6 26.Rxg6+ Qxg6 
27.Qxg6+ Kh8 28.Rxf8+ 1-0

[Event "HCL-C4094"]
[Site "www.playchess.de"]
[Date "2006.01.26"]
[Round "4"]
[White "schnitzly"]
[Black "nichju"]
[WhiteElo "1247"]
[BlackElo "999"]
[PlyCount "71"]
[Result "1-0"]

1.e4 {Hallo und viel Spass!}  e5 {Hallo! Warum 
hast Du die erste Partie aufgegeben?}  2.Nf3 {Es 
gab ein Eingabeproblem! Und ich spiele ganz gern 
in der C-Gruppe!g1}  Nc6 3.Bb5 a6 4.Ba4 Nf6 5.d3 
d5 6.Bg5 Be7 7.O-O Bg4 8.Nbd2 O-O 9.Re1 d4 10.a3 
b5 11.Bb3 h6 12.Bxf6 Bxf6 13.Nf1 Ne7 14.Ng3 Bh4 
15.h3 Bxf3 16.Qxf3 Ng6 17.Nf5 Qg5 18.g3 Kh7 19.Kh2 
c5 20.Nxh4 Ne7 21.Reg1 g6 22.Qg2 f5 23.Nf3 Qh5 
24.Nxe5 fxe4 25.dxe4 Rad8 26.Nd3 c4 27.Nf4 Qc5 
28.Ne6 Qe5 29.Nxf8+ Rxf8 30.Ba2 c3 31.bxc3 dxc3 
32.f4 Qc5 33.Rgd1 g5 34.Rd7 gxf4 35.gxf4 Qe3 
36.Rxe7+ 1-0

[Event "HCL-C4054"]
[Site "www.playchess.de"]
[Date "2006.01.26"]
[Round "8"]
[White "mudelta"]
[Black "daveboy6968"]
[WhiteElo "1125"]
[BlackElo "1008"]
[PlyCount "53"]
[Result "1-0"]

1.e4 e5 {hi good luck + happy new year ;-)}  2.Nf3 
{thx u2}  d6 {;-)}  3.Bc4 f6 4.Nc3 c6 5.d4 Bg4 
6.Be3 Nd7 7.Bxg8 Rxg8 8.Qd2 Bxf3 9.gxf3 Nb6 
10.O-O-O Nc4 11.Qe2 Nxe3 12.fxe3 Be7 13.f4 a6 
14.dxe5 fxe5 15.fxe5 Rf8 16.exd6 Bxd6 17.e5 Rf7 
18.Rxd6 Qc7 19.Qh5 g6 20.Qg4 Kf8 21.Rhd1 b5 22.e6 
Re7 23.Qf4+ Ke8 24.Qf6 Rg7 25.Ne4 Ra7 26.R6d8+ 
Qxd8 27.Rxd8+ 1-0

[Event "HCL-C4065"]
[Site "www.playchess.de"]
[Date "2006.01.26"]
[Round "1"]
[White "mudelta"]
[Black "ocluanain"]
[WhiteElo "1125"]
[BlackElo "1040"]
[PlyCount "73"]
[Result "1-0"]

1.d4 {hi goodluck}  Nf6 2.Bf4 g6 3.Nc3 Bg7 4.Nf3 
O-O 5.e4 d6 6.Qe2 Nbd7 7.O-O-O c5 8.Nd5 Nxd5 
9.exd5 b6 10.h4 b5 11.h5 gxh5 12.Rxh5 Nf6 13.Rh1 
Nxd5 14.Bg5 f6 15.Bd2 b4 16.Qe4 Bb7 17.Bc4 Qd7 
18.Qxh7+ Kf7 19.Qh5+ Kg8 20.Bh6 Rf7 21.Nh4 e5 
22.Nf5 exd4 23.Bxg7 Rxg7 24.Qh8+ Kf7 25.Qxg7+ Ke6 
26.Rhe1+ Kxf5 27.Qxd7+ Kg6 28.Qg4+ Kf7 29.Qh5+ Kf8 
30.Bxd5 Bxd5 31.Qxd5 Rc8 32.Qxd6+ Kg7 33.Re7+ Kg6 
34.Qg3+ Kf5 35.Qf3+ Kg6 36.Qg4+ Kh6 
37.Rh1+ 1-0

[Event "HCL-A2562"]
[Site "www.playchess.de"]
[Date "2006.01.26"]
[Round "4"]
[White "Macko"]
[Black "vega3"]
[WhiteElo "1766"]
[BlackElo "1421"]
[PlyCount "35"]
[Result "1-0"]

1.b4 e5 2.b5 d5 3.Bb2 Bd6 4.e3 Bd7 5.Nf3 Nf6 
6.Nxe5 Bxe5 7.Bxe5 O-O 8.Qf3 Bg4 9.Bxf6 Bxf3 
10.Bxd8 Bxg2 11.Bxg2 Rxd8 12.Nc3 d4 13.Nd5 Nd7 
14.O-O-O dxe3 15.dxe3 Nc5 16.Nxc7 Rxd1+ 17.Rxd1 
Rc8 18.Bh3 1-0